GCSE History-Medicine 1250-1500 - Statistics

General Stats
  • This quiz has been taken 683 times
  • The average score is 8 of 17
Answer Stats
Hint Answer % Correct
What was bad air called? Miasma
85%
Who came up with the theory of the opposites? Galen
82%
Who theorised the 4 humors? Hippocrates
82%
Most believed illness was caused by what? God
77%
What was the most common way of balancing the humors? Blood letting
59%
Who performed simple surgery? Barber surgeon
58%
What is an iconic symptom of the plague? Buboes
56%
Who ran the hospitals at the time? Monks/Nuns
53%
Who was medically trained at university? Physician
47%
What year was the Black Death? 1348
45%
Who sells treatments and herbal remedies? Apothecary
35%
Who whipped themselves for their sins? Flagellants
26%
What was the main method of treatment of the time? Praying
23%
What did the church have great control over? Education
20%
What set of instructions were the rich given by physicians to stay healthy? Regimen Sanitatis
8%
What spiced based mixture was used to cure the Black Death? Theriaca
4%
What were vases with sweet smelling herbs called? Pomanders
3%
No matching quizzes found
Score Distribution
Percent of People with Each Score
Percentile by Number Answered
Your Score History
You have not taken this quiz